[Konvolút prípisov predstavenstvu františkánskeho kláštora v Žiline]

Konvolút 138 originálnych prípisov adresovaných predstavenstvu františkánskeho kláštora v Žiline, korešpondencie a rôznych iných dokumentov

Bibliographic Details
Format: Manuscript Book
Language:Slovak
Latin
Hungarian
German
French
PhysicalDescription:176 nečíslovaných strán rukopis, viazaný 36 cm
Published: [Rôzne miesta vzniku] 1852-1941
Subjects:

MARC

LEADER 00000ntmaa2200000 a 4500
001 vtls011608723
003 SK-MaSNL
005 20260301140248.0
008 230802i1852 vp || 000 0 slo
035 |a urn:nbn:sk:snk-tm00caak 
035 |a urn:nbn:sk:snk-tm3n2ab 
035 |a 72F1AE1C-1DF3-444C-AB70-BFDA8B7FDE40 
040 |a SNKLA  |b slo  |c SNKLA  |e AACR2 
041 0 |a slo  |a lat  |a hun  |a ger  |a fre 
044 |a vp 
072 7 |a 27-78  |x Kresťanské združenia, spolky a organizácie. Rehoľné rády  |2 konspekt 
080 |a 27-789.32  |2 2011 
080 |a (0.02/.08:27-72)  |2 2011 
080 |a 025.15  |2 2011 
080 |a 025.171  |2 2011 
245 0 0 |a [Konvolút prípisov predstavenstvu františkánskeho kláštora v Žiline] 
260 |a [Rôzne miesta vzniku]  |c 1852-1941 
300 |a 176 nečíslovaných strán  |b rukopis, viazaný  |c 36 cm 
500 |a Viaceré úradné pečiatky 
520 2 |a Konvolút 138 originálnych prípisov adresovaných predstavenstvu františkánskeho kláštora v Žiline, korešpondencie a rôznych iných dokumentov 
555 0 |a Inventár rukopisov Archívu literatúry a umenia Matice slovenskej. Rukopisy historických knižníc na Slovensku I. Martin: Matica slovenská 1992 
610 2 7 |a Františkáni (Žilina, Slovensko)  |b Salvatoriánska provincia  |2 SNKLA  |9 345647 
610 2 7 |a Františkáni  |2 SNKKA  |9 174796 
610 2 7 |a Františkánsky kláštor (Žilina, Slovensko)  |2 SNKLA  |9 345651 
655 7 |a cirkevné dokumenty  |2 SNKPH  |9 179657 
655 7 |a korešpondencia  |2 SNKPH  |9 60843 
655 7 |a rukopisy  |2 SNKPH  |9 70548 
852 |a Slovenská národná knižnica  |b Literárny archív 
958 |a ZH 
958 |a BLA 
999 |c 763049  |d 764979 
952 |a SNKLA  |b SNKLA  |c SNKLA_DEP  |y NEVYP  |7 0  |p 17A1192136  |o snkRHKS 480  |0 0  |1 0  |4 0  |d 2017-02-03  |f 1  |l 0  |r 2026-02-24 00:10:19  |w 2026-02-24